Managing quality cultural tourism /

محفوظ في:

المؤلف الرئيسي: Boniface, Priscilla (مؤلف)

التنسيق: كتاب

اللغة: English

سلاسل: Heritage.

الموضوعات:

الوسوم: إضافة وسم

لا توجد وسوم, كن أول من يضع وسما على هذه التسجيلة!

رقم الطلب: G155 .A1 B556 1995

LEADER 00856namaa2200253 4500
001 14141
003 OSt
005 20210703101435.0
008 130303s1995 enk g b 001 0 eng d
952 |0 0  |1 0  |2 lcc  |4 0  |6 G0155 A1 B556 01995  |7 1  |9 16687  |a ARCE  |b ARCE  |d 2021-07-03  |l 0  |o G155 .A1 B556 1995  |p 1006081  |r 2021-07-03 00:00:00  |w 2021-07-03  |y BK 
999 |c 13412  |d 13412 
010 |a 95007782 
040 |c ARCE Library 
050 0 4 |a G155 .A1 B556 1995 
100 1 |a Boniface, Priscilla,  |e author  |9 27009 
245 1 0 |a Managing quality cultural tourism /  |c Priscilla Boniface. 
264 1 |a London ;  |a New York :  |b Routledge,  |c 1995. 
300 |a xi, 127 pages ;  |c 26 cm. 
490 0 |a Heritage. 
504 |a Includes bibliographical references (pages 121-123) and index. 
650 0 |a Heritage tourism. 
650 0 |a Quality control. 
901 |a reviewed 
942 |c BK  |2 lcc